| 000 | 01219nam a2200229Ia 4500 | ||
|---|---|---|---|
| 001 | L235-14703 | ||
| 003 | IT-CnALBA | ||
| 008 | 170116s9999||||xx |||||||||||||| ||und|| | ||
| 040 |
_aIT-CnALBA _cIT-CnALBA |
||
| 041 | _aITALIANO | ||
| 100 | _aBERTETTO D. DOMENICO, SDB. | ||
| 245 | 0 | _aPREDICAZIONE MARIANA. ECCO TUA MADRE! | |
| 250 | _a2a ed. | ||
| 260 |
_aTORINO - ASTI _bDOTTRINA CRISTIANA. LIBR. _c1954 [1° Ed.: n.d.] |
||
| 300 | _a255 p. (prefazione: 7) | ||
| 500 | _aANNO MARIANO. MESE DI MAGGIO. IMMACOLATA. VERGINE MADRE. NATIVITÀ DI MARIA. NOME. PRESENTAZIONE AL TEMPIO. FIDANZATA. SPOSALIZIO. ANNUNCIAZIONE. VISITAZIONE. BETLEMME. MADRE DI DIO. PURIIFICAZIONE. NAZARETH. CANA. ADDOLORATA. REGINA APOSTOLORUM. ASSUNZION | ||
| 501 | _aSocietà San Paolo EM - Piazza San Paolo, 14 - 12051 ALBA (CN) (non commercial uses only) ® Copyright 2017 | ||
| 520 | _aANNO MARIANO. MESE DI MAGGIO. IMMACOLATA. VERGINE MADRE. NATIVITÀ DI MARIA. NOME. PRESENTAZIONE AL TEMPIO. FIDANZATA. SPOSALIZIO. ANNUNCIAZIONE. VISITAZIONE. BETLEMME. MADRE DI DIO. PURIIFICAZIONE. NAZARETH. CANA. ADDOLORATA. REGINA APOSTOLORUM. ASSUNZION | ||
| 650 | _aMARIA SS. ANGELI SANTI DEMONI | ||
| 942 | _cBK | ||
| 957 | _71 | ||
| 999 |
_a19455 _bNO _g Copie: 1 _c273877 _d273877 |
||